Prénoms féminins les plus données en France #2 - Statistiques

Statistiques générales
  • Ce quiz a été pris 674 fois
    536 depuis la dernière actualisation
  • Le résultat moyen est 101 sur 226
Statistiques - réponses
Lettre Prénoms % Correct
M Marie
93%
L Lou
91%
J Julie
89%
L Louise
86%
J Jeanne
83%
J Juliette
83%
L Léa
83%
M Maria
83%
J Julia
82%
L Laura
81%
L Laure
81%
G Gabrielle
79%
K Karen
78%
L Lina/ Lyna
78%
H Hélène
77%
J Jade
76%
L Lily/ Lili/ Lilli
76%
L Lucie / Lucy
76%
M Manon
76%
G Géraldine
75%
I Isabelle
75%
M Maé / Mahée
75%
M Marine
74%
J Justine
73%
L Lola
73%
I Ines
72%
L Louna/ Luna
72%
M Mathilde
72%
L Léna
71%
L Lisa
71%
G Gaëlle
70%
G Georgette
70%
I Iris
70%
M Marion
70%
G Ginette
68%
K Karine
68%
L Lise
68%
L Louane/ Louanne
68%
L Lana
67%
L Lilou/ Lylou
66%
M Madeleine
66%
M Marina
66%
M Maëlle
65%
M Marguerite
65%
L Louisa
64%
M Monique
64%
H Helena
63%
J Jeannine/ Jeanine
63%
K Kelly
63%
L Laurie/ Lorie
63%
L Léonie
63%
M Martine
63%
M Melissa
63%
I Ilona
62%
L Laurence
62%
G Gisèle/ Giselle
61%
L Laurine / Lauryne
61%
L Lila
61%
M Margot/ Margaux
61%
M Mia / Mya
61%
G Germaine
60%
J Joséphine
60%
L Léana
60%
M Maëlys
60%
M Michelle/ Michèle
60%
M Mireille
60%
G Ghislaine
59%
G Gwendoline
58%
H Héloïse
58%
H Henriette
58%
J Jacqueline
58%
L Lilia
58%
L Ludivine
58%
M Mélanie
58%
L Laëtitia
57%
L Léane
57%
L Lucile/ Lucille
57%
G Geneviève
56%
J Josiane/ Josianne
56%
L Lara
56%
M Myriam
56%
G Giulia
55%
J Josette
55%
L Liliane
55%
L Lison
55%
M Maïa/ Maya
55%
M Maud
55%
M Mélina
55%
M Morgane
55%
M Maëva
54%
K Kenza
53%
M Magalie/ Magali
53%
M Marcelle
53%
M Mila
53%
H Huguette
52%
L Line
52%
J Jessica
51%
L Lucienne
51%
M Muriel/ Murielle
51%
H Hana/ Hannah
50%
J Johanna
50%
K Kate
50%
L Louison
50%
M Micheline
50%
M Marianne/ Mariane
49%
G Gloria
48%
J Jennifer
48%
K Kathy / Katy
48%
M Mauricette
48%
G Garance
47%
G Gladys/ Gwladys
47%
G Gwenaëlle
47%
I Ilyana
47%
I Irène
47%
K Kim
47%
L Lucette
47%
M Mélodie / Mélody
47%
G Gilberte
46%
J Joy
46%
L Linda
46%
M Marjorie
46%
M Mégane
46%
G Gabriella/ Gabriela
45%
G Gertrude
45%
J Judith
45%
M Marylou / Marilou / Marie Lou
45%
J Jocelyne
44%
M Marthe
44%
J Joëlle
43%
K Katia
43%
L Lidie/ Lydie
43%
I Ingrid
42%
J Julienne
42%
L Louisette
42%
L Loane
41%
M Méline
41%
K Kimberley
40%
L Laurène
40%
L Leslie
39%
J Jasmine
38%
L Laurette
38%
M Maddy / Maddie
38%
H Hortense
36%
I Inaya
36%
L Leïla
36%
I Irma
35%
J Jeanette
35%
L Léontine
35%
L Lya
35%
L Lydia
35%
M Mylène
35%
K Kiara
34%
L Lauriane
34%
L Liv
34%
L Livia
32%
M Marie Claire
32%
M Marie Claude
32%
M Marie Laure
32%
M Marinette
32%
M Marlène
32%
M Maryse
32%
M Marie Pierre
31%
M Marie Christine
30%
M Maryline
30%
H Honorine
29%
M Marie Louise
29%
M Mariette
29%
M Marie Anne
28%
M Marie Jeanne
27%
M Marie Thérèse
27%
J Joyce
26%
L Louana
26%
M Marie Paule
26%
M Maureen
26%
L Lyana
25%
G Gaïa
24%
H Hanaé
24%
L Laly
24%
M Maïté
24%
G Genièvre
23%
L Lili Rose / Lily Rose
22%
L Lolita
22%
M Marie France
22%
M Marie Françoise
22%
G Grâce
20%
I Ida
20%
M Maïssa
20%
M Maxine
20%
M Mina
20%
L Lindsay
19%
M Manël
19%
M Marie Ange
18%
M Marie Josée
18%
M Malika
17%
M Maryvonne
17%
M Maïlys
16%
M Maïwenn
16%
M Marie Rose
16%
M Marie Line
15%
J Judicaëlle
14%
M Marie Hélène
14%
M Marie Madeleine
14%
M Marie Noëlle
13%
I Ilana
12%
I Izia / Isia
11%
L Léone
11%
M Maëline
11%
M Marceline / Marcelline
11%
G Giuliana
9%
K Kalys
9%
J Jenna
8%
K Kaitlyn
8%
J June
7%
M Macha
7%
H Harmonie
6%
L Laureline
6%
L Léonor / Léonore
6%
M Madison
6%
M Mareva
6%
M Marie Josèphe
6%
M Muguette
4%
I Irmène
3%
J Jolène
2%
L Lévanna
2%
M Maëlly
2%
L Léyah
1%
Aucun quiz correspondant
Distribution des résultats
% des personnes avec chaque résultat
Percentile par nombre de réponses
Votre historique - résultats
Vous n’avez pas pris ce quiz depuis la dernière actualisation